LEADER 03653nam 2200613 a 450 001 9910781737303321 005 20230912182455.0 010 $a0-8122-0090-X 024 7 $a10.9783/9780812200904 035 $a(CKB)2550000000050907 035 $a(OCoLC)759158192 035 $a(CaPaEBR)ebrary10491917 035 $a(SSID)ssj0000566165 035 $a(PQKBManifestationID)11371531 035 $a(PQKBTitleCode)TC0000566165 035 $a(PQKBWorkID)10534161 035 $a(PQKB)11425252 035 $a(MdBmJHUP)muse8388 035 $a(DE-B1597)448935 035 $a(OCoLC)979753476 035 $a(DE-B1597)9780812200904 035 $a(Au-PeEL)EBL3441460 035 $a(CaPaEBR)ebr10491917 035 $a(CaONFJC)MIL682317 035 $a(MiAaPQ)EBC3441460 035 $a(EXLCZ)992550000000050907 100 $a19870515d1987 uy 0 101 0 $aeng 135 $aurcn||||||||| 181 $ctxt$2rdacontent 182 $cc$2rdamedia 183 $acr$2rdacarrier 200 10$aClara Barton $eprofessional angel /$fElizabeth Brown Pryor 210 1$aPhiladelphia :$cUniversity of Pennsylvania Press,$d1987. 215 $a1 online resource (xv, 444 pages, 14 unnumbered pages of plates) $cillustrations, portrait 225 0 $aStudies in Health, Illness, and Caregiving 300 $aSecond paperback printing 1990. 311 0 $a1-322-51035-0 311 0 $a0-8122-1273-8 320 $aIncludes bibliographical references and index. 327 $tFrontmatter --$tContents --$tPreface --$tAcknowledgments --$tClara Barton. Professional Angel --$tOne --$tTwo --$tThree --$tFour --$tFive --$tSix --$tSeven --$tEight --$tNine --$tTen --$tEleven --$tTwelve --$tThirteen --$tFourteen --$tFifteen --$tSixteen --$tSeventeen --$tEighteen --$tAbbreviations --$tNotes --$tIndex 330 $aWidely known today as the "Angel of the Battlefield," Clara Barton's personal life has always been shrouded in mystery. In Clara Barton, Professional Angel, Elizabeth Brown Pryor presents a biography of Barton that strips away the heroic exterior and reveals a complex and often trying woman.Based on the papers Clara Barton carefully saved over her lifetime, this biography is the first one to draw on these recorded thoughts. Besides her own voluminous correspondence, it reflects the letters and reminiscences of lovers, a grandniece who probed her aunt's venerable facade, and doctors who treated her nervous disorders. She emerges as a vividly human figure. Continually struggling to cope with her insecure family background and a society that offered much less than she had to give, she chose achievement as the vehicle for gaining the love and recognition that frequently eluded her during her long life.Not always altruistic, her accomplishments were nonetheless extraordinary. On the battlefields of the Civil War, in securing American participation in the International Red Cross, in promoting peacetime disaster relief, and in fighting for women's rights, Clara Barton made an unparalleled contribution to American social progress. Yet the true measure of her life must be made from this perspective: she dared to offend a society whose acceptance she treasured, and she put all of her energy into patching up the lives of those around her when her own was rent and frayed. 606 $aNurses$zUnited States$vBiography 615 0$aNurses 676 $a361.7/634/0924 676 $aB 700 $aPryor$b Elizabeth Brown$01521032 801 0$bMiAaPQ 801 1$bMiAaPQ 801 2$bMiAaPQ 906 $aBOOK 912 $a9910781737303321 996 $aClara Barton$93759899 997 $aUNINA LEADER 02896nam 2200529 450 001 9910807265003321 005 20230807221507.0 010 $a1-119-01976-1 010 $a1-119-01977-X 010 $a1-119-01975-3 035 $a(MiAaPQ)EBC1895257 035 $a(Au-PeEL)EBL1895257 035 $a(CaPaEBR)ebr11090369 035 $a(CaONFJC)MIL822802 035 $a(OCoLC)903582835 035 $a(EXLCZ)993710000000461306 100 $a20150212d2015 uy| 0 101 0 $aeng 135 $aur|n|---||||| 181 $2rdacontent 182 $2rdamedia 183 $2rdacarrier 200 10$aProcess simulation using WITNESS /$fRaid Al-Aomar, Onur U?lgen, Ed Williams 210 1$aHoboken, New Jersey :$cJohn Wiley & Sons, Incorporated,$d[2015] 215 $a1 online resource (591 p.) $cill 311 $a0-470-37169-2 320 $aIncludes bibliographical references and index. 327 $a1 Concepts of Simulation Modeling -- 2 World-Views of Simulation -- 3 WITNESSŪ Environment -- 4 Basic WITNESSŪ Modeling Techniques -- 5 Modeling Material Handling Systems -- 6 Basic Probability and Statistics for Simulation -- 7 Simulation Input Modeling -- 8 Simulation Output Analysis -- 9 Model Verification and Validation Techniques -- 10 Simulation Project Management -- 11 Manufacturing Simulation Case Studies -- 12 Service Simulation Case Studies -- 13 Simulation-Based Optimization Methods -- 14 Simulation for Lean Systems -- 15 Simulation for Six Sigma -- Appendix -- Index. 330 $a"The first book to cover simulation using the popular software WITNESS, Process Simulation Using WITNESS helps professionals understand the theory behind simulation in a simple and practical manner while learning how to build simulation models with the software. This book outlines the role of simulation in contemporary initiatives for lean systems design and operations as well as Six Sigma applications. Emphasizing real-world applications of simulation modeling in both services and manufacturing sectors, the book is suitable for a broad audience, including system, simulation, material handling, layout, and operations engineers"--$cProvided by publisher. 606 $aOperations research$xData processing 606 $aStochastic processes$xComputer simulation 606 $aIndustrial engineering$xGraphic methods 615 0$aOperations research$xData processing. 615 0$aStochastic processes$xComputer simulation. 615 0$aIndustrial engineering$xGraphic methods. 676 $a658.4/013028553 686 $aTEC021000$2bisacsh 700 $aAl-Aomar$b Raid$0936610 702 $aU?lgen$b Onur M.$f1949- 702 $aWilliams$b Ed$f1944- 801 0$bMiAaPQ 801 1$bMiAaPQ 801 2$bMiAaPQ 906 $aBOOK 912 $a9910807265003321 996 $aProcess simulation using WITNESS$94014833 997 $aUNINA